The soul-winner's gospel: (Record no. 10698)

000 -LEADER
fixed length control field 00675nam a2200181 a 4500
001 - CONTROL NUMBER
control field :::00008489$&:&@@
003 - CONTROL NUMBER IDENTIFIER
control field OkBaRHE
005 - DATE AND TIME OF LATEST TRANSACTION
control field 20000607103344.0
008 - FIXED-LENGTH DATA ELEMENTS--GENERAL INFORMATION
fixed length control field s1914 j 000 0 eng u
040 ## - CATALOGING SOURCE
Transcribing agency
100 1# - MAIN ENTRY--PERSONAL NAME
Personal name Snyder, Gerrit.
245 14 - TITLE STATEMENT
Title The soul-winner's gospel:
Remainder of title the saving doctrines of the gospel of John, interpreted and applied in personal work with resultant conversions.
260 ## - PUBLICATION, DISTRIBUTION, ETC. (IMPRINT)
Place of publication, distribution, etc Kansas City, MO., :
Name of publisher, distributor, etc Gospel Publishing House
Date of publication, distribution, etc c1914
300 ## - PHYSICAL DESCRIPTION
Extent 141 p. ;
Dimensions 20 cm.
650 ## - SUBJECT ADDED ENTRY--TOPICAL TERM
Topical term or geographic name as entry element Evangelistic Work
General subdivision Study and Teaching
942 ## - ADDED ENTRY ELEMENTS (KOHA)
Source of classification or shelving scheme
Koha item type Books
Copies
Copy number Shelving location Damaged status Barcode Permanent Location Price effective from Source of classification or shelving scheme Withdrawn status Not for loan Koha item type Lost status Date last seen Date acquired Full call number
1General Stacks 8489RHEMA Bible Training College2010-04-14   Books 2010-04-142010-04-14BV 3790 .S6